000 00544nam a2200205 4500
001 111142
003 ES-MaACL
007 t|
008 061121s1985 sp r ||||1| spa d
020 _a84-321-2271-8
100 1 _aOlalla, José Félix.
_986645
245 1 0 _aDoble luna de Marte /
_cJosé Félix Olalla.
250 _a1ª. ed.
260 _aMadrid :
_bRialp,
_c1985.
300 _a56 p. ;
_c18 cm.
490 1 _aAdonais ;
_v424
830 0 0 _aAdonáis
_v424
_9173743
852 _aES-MaACL
_jJ-23-424
_bR.20352
999 _c111142
_d111142